Subdivision capitals closest to Zadar (HR) - Statistics

General Stats
  • This quiz has been taken 37 times
  • The average score is 9 of 20
Answer Stats
Distance (km) Answer % Correct
4 119 Split
96%
14 198 Zagreb
92%
2 68 Šibenik
88%
1 49 Gospić
85%
7 148 Rijeka
81%
8 155 Karlovac
73%
11 178 Sisak
69%
9 161 Pazin
50%
3 93 Bihać
46%
10 172 Banja Luka
42%
6 148 Ancona
38%
5 146 Livno
35%
15 198 Koper
31%
17 206 Trieste
31%
13 195 Travnik
19%
12 188 Novo Mesto
15%
20 214 Zenica
15%
16 201 Postojna
12%
19 207 Široki Brijeg
8%
18 206 Krško
4%
No matching quizzes found
Score Distribution
Percent of People with Each Score
Percentile by Number Answered
Your Score History
You have not taken this quiz